|
|
|
|
| LEADER |
00000nab a2200000 a 4500 |
| 001 |
vtls000479102 |
| 003 |
SK-MaSNL |
| 005 |
20260303223629.0 |
| 008 |
230127c1992 xo 0 slo |
| 015 |
|
|
|a SNBRB19rr/mm-uuuuu
|
| 035 |
|
|
|a CL0479237
|
| 035 |
|
|
|a (urnnbn)urn:nbn:sk:snk:ar-006cdg
|
| 035 |
|
|
|a (uuid)ae326b38-a5a0-4965-bdae-a9cccc9c8de2
|
| 035 |
|
|
|a urn:nbn:sk:snk-ab85ep
|
| 040 |
|
|
|a SNKBUCL
|b slo
|c SNKBUCL
|e AACR2
|
| 041 |
0 |
|
|a slo
|
| 044 |
|
|
|a xo
|c SK
|
| 080 |
|
|
|a 75.034.7(436:437.6)
|2 1981
|
| 100 |
1 |
|
|a Medvecký, Jozef
|4 aut
|9 5523
|
| 245 |
1 |
0 |
|a Od Trogera k Maulbertschovi
|c Jozef Medvecký
|
| 300 |
|
|
|b Fotogr. 35
|
| 650 |
0 |
7 |
|a rakúske maliarstvo
|2 snkbucl
|9 3122
|
| 650 |
0 |
7 |
|a slovenské maliarstvo
|2 snkbucl
|9 3124
|
| 650 |
0 |
7 |
|a barok
|2 snkbucl
|9 3184
|
| 655 |
|
7 |
|a články z novín a časopisov
|2 snkbucl
|9 267496
|
| 773 |
0 |
|
|t Pamiatky a múzeá
|g Č. 5-6 (1992), s. 15-27
|
| 850 |
|
|
|a Slovenská národná knižnica v Martine
|a MTA001
|
| 852 |
|
|
|a SNK
|b KIS3GCP
|
| 954 |
|
|
|a odborná, vedecká literatúra pôvodná (slovenská)
|2 lita
|
| 958 |
|
|
|a RK
|
| 958 |
|
|
|a OND
|
| 958 |
|
|
|a EUIPO
|
| 958 |
|
|
|a article9
|
| 992 |
|
|
|a RBX
|
| 999 |
|
|
|c 2248641
|d 2250571
|